000 nam a22 7a 4500
999 _c9839
_d9839
008 180208b ||||| |||| 00| 0 eng d
100 _aJain, G
_95926
245 _aNoble prize winners economics
260 _aNew Delhi
_bThree sss Publication
_c2012